000 00576nam a2200193Ia 4500
003 IN-BaIIA
008 211028s9999 xx 000 0 eng d
020 _a0-7923-3629-1
040 _cIIA Library
080 _a52(082.1)
_bASS-202
100 _aTielens, A. G. G. M
_920028
245 4 _athe diffuse interstellar bands
_cA. G. G. M Tielens
260 _aDordrecht
_bKluwer Academic
_c1995
300 _ax, 415p.
650 _aAstronomical spectroscopy
_91729
650 _aSpectra of stars
_920029
650 _aStars
942 _cBK
999 _c11599
_d11599